000 00233nam a2200097Ia 4500
008 240331s9999 xx 000 0 und d
082 _a297
_bSAH
100 _aSahabdeen, A.M.M
245 4 _aThe sufi doctrine in Tamil litrature
942 _cL
999 _c942
_d942